000 01473nam a22002777a 4500
005 2011070402012.0
020 _a8182637082
_c15.00
020 _a9788182637085
_c15.00
035 _aB-432409-413
037 _aDPL
_bBlue Berry
082 _aS
100 _aBanerji, Rukmini
_929826
245 _aRumniya /
_c by Rukmini Banerji; illustrated by Henu
250 _a3rd
260 _aNew Delhi
_bPratham Books
_c2010
270 _a633-634, 4th "C" Main, 6th 'B' Cross, OMBR Layout, Banaswadi
_bBangalore
_e560043
_k011-65684113
300 _a12p.
_bill.
_c17 cm.(pbk)
700 _929160
942 _2ddc
_cCH
_hS
_mBAN
999 _c53613
_d53613